| Tag |
First Indicator |
Second Indicator |
Subfields |
| LEADER |
00000nam a2200000Ia 4500 |
| 001 |
in00004309721 |
| 005 |
20200810091106.0 |
| 006 |
m g d |
| 007 |
cr bn |||a|bb| |
| 008 |
890410s1651 ie o 00| | eng d |
| 035 |
|
|
|a (OCoLC)19527937
|
| 040 |
|
|
|c EAG
|d WaOLN
|
| 037 |
|
|
|a CL0037000062
|b ProQuest Information and Learning. 300 N. Zeeb Rd., Ann Arbor, MI 48106
|
| 043 |
|
|
|a e-ie---
|
| 045 |
2 |
|
|b d1649
|b d1660
|
| 090 |
|
|
|a DA944.4
|b .L44 1651
|
| 049 |
|
|
|a EAGA
|
| 245 |
0 |
2 |
|a A Letter, or paper, signed by Garald Fitz-gerald in behalf of an assembly of the Irish at Glanmaliroe in the province of Leinster in Ireland, to the commissioners of Parliament delivered the 11. of March 1652 :
|b also a declaration thereupon made by the said commissioners of Parliament, March 12. 1652 : together with a letter from the Earl of Clanricard to the commander in chief of the Parliaments forces in Ireland, February 14, 1651 : and Lieutenant General Ludlowes answer thereunto, February 20. 1651.
|
| 260 |
|
|
|a Dublin printed :
|b [publisher not identified],
|c 1651.
|
| 300 |
|
|
|a 1 online resource ([2], 12 pages)
|
| 336 |
|
|
|a text
|b txt
|2 rdacontent
|
| 337 |
|
|
|a computer
|b c
|2 rdamedia
|
| 338 |
|
|
|a online resource
|b cr
|2 rdacarrier
|
| 500 |
|
|
|a Imperfect: stained.
|
| 500 |
|
|
|a Reproduction of original in the British Library.
|
| 510 |
4 |
|
|a Wing
|c F1073
|
| 533 |
|
|
|a Electronic reproduction.
|b Ann Arbor, Mich. :
|c UMI,
|d 1999-
|f (Early English books online)
|n Digital version of: (Early English books, 1641-1700 ; 1686:11)
|7 s1999 miun s
|
| 651 |
|
0 |
|a Ireland
|x History
|y 1649-1660.
|
| 700 |
1 |
|
|a Fitzgerald, Gerald.
|
| 700 |
1 |
|
|a Clanricarde, Ulick de Burgh,
|c Earl of,
|d 1604-1657.
|
| 700 |
1 |
|
|a Ludlow, Edmund,
|d 1617?-1692.
|
| 830 |
|
0 |
|a Early English books online.
|
| 856 |
4 |
0 |
|u http://proxy.library.tamu.edu/login?url=https://search.proquest.com/docview/2248550300
|z Connect to the full text of this electronic book
|t 0
|
| 999 |
f |
f |
|s d7a69747-b623-3961-9634-b4a40904d154
|i 21d9af6e-64f1-3a9a-bfa2-8f87a5296be8
|t 0
|
| 952 |
f |
f |
|a Texas A&M University
|b College Station
|c Electronic Resources
|d Available Online
|t 0
|e DA944.4 .L44 1651
|h Library of Congress classification
|
| 998 |
f |
f |
|a DA944.4 .L44 1651
|t 0
|l Available Online
|